|
|
|
|
| LEADER |
00720nam a2200217 a 4500 |
| 001 |
000605567 |
| 003 |
CZ BrMZK |
| 005 |
20060516110604.0 |
| 008 |
020611s1973 xr f cze d |
| 040 |
|
|
|a BOA001
|b cze
|
| 100 |
1 |
|
|a Sigmundová, Jana,
|d 1940-
|7 jk01111290
|4 ill
|
| 245 |
1 |
0 |
|a Matějská pouť /
|c Jana Sigmundová ; verši doprovází Ivan Toufar
|
| 250 |
|
|
|a 1. vyd.
|
| 260 |
|
|
|a Praha :
|b Albatros,
|c 1973
|
| 300 |
|
|
|a 1 nestránkovaný sv.
|
| 490 |
1 |
|
|a Omalovánky s textem. Studio
|
| 700 |
1 |
|
|a Toufar, Ivan
|4 aut
|
| 830 |
|
0 |
|a Omalovánky s textem.
|p Studio
|
| 910 |
|
|
|a BOA001
|b PK-A-0014.319
|
| 990 |
|
|
|a BK
|
| 996 |
7 |
|
|b 3119689333
|c PK-A-0014.319
|l MZK
|r Sklad / do 1 hodiny
|n 1
|w 000605567
|u 000010
|a 1
|e BOA001
|j MZK50
|s A
|